000 00497nam a2200181Ia 4500
999 _c3132
_d3132
003 OSt
005 20200817125015.0
008 190216s9999||||xx |||||||||||||| ||und||
020 _a8121900743
040 _coclc
082 _a546
_bMAD/M
100 _aMadan, R D
_94158
245 0 _aModern Inorganic Chemistry /
_cR D Madan
260 _bS Chand & Co,
_c2003.
_aNew Delhi:
300 _a1548p
650 _aInorganic Chemistry
942 _cBK
_2ddc
_h546
_iMAD/M
_k546
_mMAD/M